Cell motility: Book A Motility muscle and non muscle cells (Record no. 30691)

MARC details
000 -LEADER
fixed length control field 00454nam a2200145Ia 4500
082 ## - DEWEY DECIMAL CLASSIFICATION NUMBER
Classification number 576.322
Item number GOL
245 #0 - TITLE STATEMENT
Title Cell motility: Book A Motility muscle and non muscle cells
260 ## - PUBLICATION, DISTRIBUTION, ETC. (IMPRINT)
Place of publication USA
Name of publisher Cold spring harbor laboratory
Year of publication 1976
490 ## - SERIES STATEMENT
Series statement Cold spring harbor conferences on cell proliferation; v 3
650 ## - SUBJECT ADDED ENTRY--TOPICAL TERM
Topical Term Cell motility
650 ## - SUBJECT ADDED ENTRY--TOPICAL TERM
Topical Term Muscle contraction
700 ## - ADDED ENTRY--PERSONAL NAME
Personal name GOLDMAN, R
942 ## - ADDED ENTRY ELEMENTS (KOHA)
Koha item type Books
Holdings
Withdrawn status Lost status Damaged status Not for loan Home library Current library Date acquired Full call number Accession Number Koha item type
        RRII Library RRII Library 16/12/2021 576.322 GOL 11262 Books